000 04748nam a22002297a 4500
003 GR-AtMCL
005 20251209120748.0
006 a|||||r|||||||||||
008 n|||||||| d g ||| gre d
020 _a9789600236200
040 _bgre
_aGR-AtMCL
_dGR-AtMCL
_eAACR2
041 1 _heng
245 0 0 _aΕισαγωγή στην κοινωνική ψυχολογία /
_cεπιμέλεια Miles Hewstone, Wolfgang Stroebe, Klaus Jonas ; μετάφραση Τίνα Πλυτά
250 _a2η έκδ.
260 _aΑθήνα :
_bΕκδόσεις Παπαζήση,
_c2020
300 _a750 σ. :
_bεικ. ;
_c29 εκ.
500 _aΤίτλος πρωτοτύπου: An introduction to social psychology
520 _aΓια περισσότερα από 25 χρόνια το Εισαγωγή στην Κοινωνική Ψυχολογία συνδυάζει την παραδοσιακή επιστημονική αυστηρότητα με ένα σύγχρονο επίπεδο προσβασιμότητας, παιδαγωγικής και στήριξης των διδασκόντων, για να προσφέρει έναν οριστικό οδηγό στον συναρπαστικό και διαρκώς εξελισσόμενο χώρο της κοινωνικής ψυχολογίας. Αυτή η έκτη αγγλική και δεύτερη ελληνική έκδοση, πλήρως αναθεωρημένη και εκσυγχρονισμένη για να παρουσιάσει τρέχοντα ζητήματα του χώρου και την υποκείμενή τους θεωρία, έχει σχεδιαστεί ειδικά για να καλύψει τις ανάγκες φοιτητών και φοιτητριών σε όλα τα επίπεδα, με κείμενα που έχουν συντάξει πρωτοπόροι ψυχολόγοι, που χαίρουν αναγνώρισης ως ειδικοί στα θέματα που καλύπτονται στο κάθε αντίστοιχο κεφάλαιο. Το κείμενο επωφελείται σε πολύ μεγάλο βαθμό από ένα εκσυγχρονισμένο πλήθος καινοτόμων παιδαγωγικών χαρακτηριστικών, τα οποία έχουν σκοπό να κινητοποιήσουν τη φαντασία, σε συνδυασμό με μια αυστηρή προσέγγιση ως προς την επιμέλεια, με αποτέλεσμα να υπάρχει ένα συνεκτικό και ομοιόμορφο στιλ που είναι προσβάσιμο από όλους. Κάθε κεφάλαιο αναφέρεται τόσο σε σημαντικά θέματα όσο και σε βασικές μελέτες δείχνοντας πώς ο συναφής ερευνητικός χώρος έχει αναπτυχθεί στην πάροδο των ετών και συνδέοντας κλασικές και σύγχρονες θεωρήσεις. Στα βασικά γνωρίσματα αυτού του ιδιαίτερα επιτυχημένου εγχειριδίου περιλαμβάνονται: - Πλήρης κάλυψη όλων των σημαντικών θεωριών και θεμάτων. - Συζητήσεις που εστιάζουν σε σημαντικές ερευνητικές μελέτες και στις συνέπειες των ευρημάτων τους. - Περιγραφές της εφαρμογής της θεωρίας και της έρευνας στην πραγματική ζωή παρουσιάζονται σε όλη την έκταση του εγχειριδίου στα ένθετα "Κοινωνική Ψυχολογία πέρα από το εργαστήριο". - Ένθετα "Ατομικών διαφορών", τα οποία λειτουργούν ως παραδείγματα και περιέχουν στοιχεία από κλίμακες που χρησιμοποιούνται για τη μέτρηση μεταβλητών που συζητούνται στα κεφάλαια. - Σαφή συμπεράσματα, προτάσεις για περαιτέρω μελέτη και μαθησιακές ερωτήσεις για να παρακολουθείτε την πρόοδό σας. - Συνοπτικές βιογραφίες των "Πρωτοπόρων στον χώρο", τόσο κλασικών όσο και σύγχρονων επιστημόνων από όλον τον κόσμο που είχαν σημαντικό αντίκτυπο στον ερευνητικό τους τομέα.
650 0 _aΨυχολογία
_99898
942 _cBK
999 _c9982
_d9982